International handbook of contemporary developments in criminology / 2 Europe, Africa, the Middle East, and Asia
| Format: | Print Book |
|---|---|
| Language: | English |
| Published: |
Westport, Conn.
Greenwood Press
1983
|
| In: |
International handbook of contemporary developments in criminology
Year: 1983 |
| Availability in Tübingen: | Present in Tübingen. UB: KB 15 A 525-2 |
| Check availability: | HBZ Gateway |
| Subito Delivery Service: | Order now. |
MARC
| LEADER | 00000cam a2200000 cc4500 | ||
|---|---|---|---|
| 001 | 1079729135 | ||
| 003 | DE-627 | ||
| 005 | 20220513153431.0 | ||
| 007 | tu | ||
| 008 | 850101s1983 xx ||||| 00| ||eng c | ||
| 020 | |a 0313238030 |9 0-313-23803-0 | ||
| 035 | |a (DE-627)1079729135 | ||
| 035 | |a (DE-576)009729135 | ||
| 035 | |a (DE-599)BSZ009729135 | ||
| 035 | |a (OCoLC)310947109 | ||
| 040 | |a DE-627 |b ger |c DE-627 |e rakwb | ||
| 041 | |a eng | ||
| 245 | 0 | 0 | |a International handbook of contemporary developments in criminology |n 2 |p Europe, Africa, the Middle East, and Asia |c ed. by Elmer H. Johnson |
| 264 | 1 | |a Westport, Conn. |b Greenwood Press |c 1983 | |
| 300 | |a XX, 696 S. | ||
| 336 | |a Text |b txt |2 rdacontent | ||
| 337 | |a ohne Hilfsmittel zu benutzen |b n |2 rdamedia | ||
| 338 | |a Band |b nc |2 rdacarrier | ||
| 773 | 1 | 8 | |a International handbook of contemporary developments in criminology |w (DE-627)1079729119 |w (DE-576)009729119 |g 2 |q 2 |7 nnam |
| 951 | |a MV | ||
| ELC | |b 1 | ||
| LOK | |0 000 xxxxxcx a22 zn 4500 | ||
| LOK | |0 001 2077191384 | ||
| LOK | |0 003 DE-627 | ||
| LOK | |0 004 1079729135 | ||
| LOK | |0 005 20020606000000 | ||
| LOK | |0 008 880121||||||||||||||||ger||||||| | ||
| LOK | |0 040 |a DE-21 |c DE-627 |d DE-21 | ||
| LOK | |0 852 |a DE-21 | ||
| LOK | |0 852 1 |c KB 15 A 525-2 |9 00 | ||
| LOK | |0 935 |a krim | ||
| LOK | |0 936ln |a k1.5 | ||
| LOK | |0 939 |a 21-01-88 |b l01 | ||
| ORI | |a SA-MARC-krimdoka001.raw | ||
| SIG | |a UB: KB 15 A 525-2 | ||
